Statistics for Biggest Cities in the D.R.C

Click here to take the quiz!

General Stats

  • This quiz has been taken 12 times
  • The average score is 5 of 15

Answer Stats

PopulationCity% Correct
7,785,965Kinshasa
100%
1,373,770Lubumbashi
82%
539,158Kisangani
64%
874,761Mbuji-Mayi
55%
463,546Kananga
45%
180,109Matadi
36%
225,389Bukavu
18%
186,991
Kikwit
18%
418,000Kolwezi
18%
422,414Likasi
18%
184,185Mbandaka
9%
232,000Beni
0%
485,167Masina
0%
189,177Mwene-Ditu
0%
267,462Tshikapa
0%

Score Distribution

Percentile by Number Answered

Percent of People with Each Score

Your Score History

You have not taken this quiz